Normal view
MARC view
Entry Nombre personal
001 - NÚMERO DE CONTROL
- campo de control: 48925
003 - IDENTIFICADOR DEL NÚMERO DE CONTROL
- campo de control: BNPHU
005 - FECHA Y HORA DE LA ÚLTIMA TRANSACCIÓN
- campo de control: 20240305130541.0
008 - DATOS DE LONGITUD FIJA
- campo de control de longitud fija: 200615|| aca||aabn | a|a d
040 ## - FUENTE DE LA CATALOGACIÓN
- Centro catalogador/agencia de origen: DO-SdBNP
- Lengua de catalogación: spa
- Centro/agencia transcriptor: BNPHU
- Normas de descripción: rda
082 #4 - SIGNATURA TOPOGRÁFICA DECIMAL DEWEY
- Número de clasificación: RD863.44
- Número de documento/Ítem: T231j, 22
100 1# - ENCABEZAMIENTO-NOMBRE DE PERSONA
- Nombre de persona: Tavares K., Juan Tomás,
- Fechas asociadas al nombre: 1953-
670 ## - FUENTE DE DATOS ENCONTRADOS
- Cita de la fuente: Work cat.: (OSt)23262: Tavares K., Juan Tomás, 1953-, Los indios de Quisqueya /, [1976].
670 ## - FUENTE DE DATOS ENCONTRADOS
- Cita de la fuente: Tavares K., Juan Tomás. Juan Bobo y otros cuentos folklóricos dominicanos. Santo Domingo: Sociedad Dominicana de Bibliófilos, 2006. 52p.
